00666nam a2200169 a 450000100100000000500170001000800410002704000250006808200090009310000250010224500340012726000400016130000210020159000750022295201820029799900170047900003506520200930074100.0111024s1970 fr 000 0 spa d aDO-SdBNPbspacBNPHU aXXXX1 aValles, Jules96071213aLe bachelier /cJules Valles. aParis :bGarnier-Flammarion,c1970. a318 p. ;c18 cm. aPerteneció a la biblioteca personal de Juan Isidro Jimenes Grullón 001050718MOaGRbGRcCTd2011-10-24iLF1l0oXXXX p35065-10r2020-06-25w2020-06-25y1zPerteneció a la biblioteca personal de Juan Isidro Jimenes Grullón.ZNo se presta c34556d34556